Welcome to CU Library Online Public Access Catalogue (OPAC)

Economic development (Record no. 6645)

MARC details
000 -LEADER
fixed length control field 00415nam a2200181 4500
005 - DATE AND TIME OF LATEST TRANSACTION
control field 20250623173610.0
008 - FIXED-LENGTH DATA ELEMENTS--GENERAL INFORMATION
fixed length control field cu123
020 ## - INTERNATIONAL STANDARD BOOK NUMBER
International Standard Book Number 9780321311955
050 ## - LIBRARY OF CONGRESS CALL NUMBER
Classification number HD 82.T552 TOD
Item number 1
100 ## - MAIN ENTRY--PERSONAL NAME
Personal name TODARO, P.Michael
245 ## - TITLE STATEMENT
Title Economic development
250 ## - EDITION STATEMENT
Edition statement 9th
260 ## - PUBLICATION, DISTRIBUTION, ETC.
Place of publication, distribution, etc. Harlow
Name of publisher, distributor, etc. Pearson
Date of publication, distribution, etc. 2006
300 ## - PHYSICAL DESCRIPTION
Extent xxvii,851p
500 ## - GENERAL NOTE
General note glossary,name index
700 ## - ADDED ENTRY--PERSONAL NAME
Personal name SMITH,C.Stephen
942 ## - ADDED ENTRY ELEMENTS (KOHA)
Source of classification or shelving scheme Library of Congress Classification
Koha item type Books
Suppress in OPAC No
999 ## -
-- 6645
-- 6645
Holdings
Withdrawn status Lost status Source of classification or shelving scheme Damaged status Not for loan Collection Home library Current library Shelving location Date acquired Total checkouts Full call number Barcode Date last seen Copy number Price effective from Koha item type
    Library of Congress Classification     Non-fiction Graduate Library (Christ Temple) Graduate Library (Christ Temple) General stacks 06/23/2025   HD 82.T552 TOD GSCT00001642 06/23/2025 1 06/23/2025 Books
    Library of Congress Classification     Non-fiction Graduate Library (Christ Temple) Graduate Library (Christ Temple) General stacks 06/23/2025   HD 82.T552 TOD GSCT00001643 06/23/2025 2 06/23/2025 Books
© 2023-2024 Copyright: Central University Libraries. All Rights Reserved | Created by: Mahone Tech Office